| 000 | 00660nam a2200217 a 4500 | ||
|---|---|---|---|
| 008 | |||
| 049 | _aMAIN | ||
| 090 | _aQD471 TAY | ||
| 100 | _aTaylor, R.J. | ||
| 245 | 1 | 0 |
_aThe Physics of chemical structure / _cR. J. Taylor |
| 260 |
_aLondon : _bInformation Division, Unilever, _c1962. |
||
| 300 |
_a35 p. : _bill.(some col.), _c30 cm. |
||
| 440 |
_aUnilever Educational Booklet: Advanced series ; _vno. 2. |
||
| 650 |
_aMaterials _xstructure |
||
| 650 |
_aChemistry _xphysics |
||
| 907 |
_a.b10233532 _b21-02-07 _c20-02-07 |
||
| 003 | |||
| 005 | 20230123134405.0 | ||
| 040 | _cNUST | ||
| 942 |
_cBOOKS _kQD471 TAY |
||
| 999 |
_c165088 _d165088 |
||